[Event "21st World Senior Chess Championship"]
[Site "Rijeka"]
[Date "2011.11.17"]
[Round "3.10"]
[White "Kelleher, William"]
[Black "Okhotnik, Vladimir"]
[Result "0-1"]
[WhiteElo "2300"]
[BlackElo "2427"]
[PlyCount "190"]
[EventDate "2011.11.17"]

1. e4 c5 2. c3 Qa5 3. Na3 Nc6 4. Bb5 Nf6 5. Qe2 Qc7 6. Nf3 a6 7. e5 Nd5 8. Qe4
e6 9. Bxc6 Qxc6 10. d3 b5 11. Nc2 Bb7 12. O-O Ne7 13. Qe2 Ng6 14. d4 c4 15. a4
Be7 16. axb5 axb5 17. Rxa8+ Bxa8 18. Rd1 Qe4 19. Qd2 O-O 20. Ne3 Nf4 21. Ne1
Qg6 22. f3 Bg5 23. Kh1 f6 24. Qf2 fxe5 25. dxe5 Bc6 26. N3c2 Qh5 27. Nd4 Bd5
28. Ne2 Nxe2 29. Qxe2 Bh4 30. Kg1 Rf5 31. Nc2 Rxe5 32. Ne3 Be7 33. Qf2 Bc5 34.
Re1 Qg6 35. Qg3 Rg5 36. Qb8+ Kf7 37. Qf4+ Rf5 38. Qc7 Bc6 39. Kf1 Rh5 40. Rd1
Ke7 41. g4 Rh3 42. Rxd7+ Bxd7 43. Qxc5+ Ke8 44. Kg2 Rh6 45. Qe5 Qd3 46. Nf1 Rf6
47. Bf4 Kf7 48. Nd2 Bc6 49. Qc7+ Kg8 50. Qc8+ Rf8 51. Qxe6+ Kh8 52. Qxc6 h5 53.
Qd6 Qe2+ 54. Kg1 Ra8 55. Nf1 Qxf3 56. gxh5 Qxh5 57. Be5 Kh7 58. Qd4 Ra1 59.
Qe4+ Qg6+ 60. Qxg6+ Kxg6 61. Bd6 Kf5 62. Kf2 Ke4 63. Ke2 Ra6 64. Nd2+ Kd5 65.
Ba3 Rh6 66. Nf3 Ke4 67. Bf8 Rg6 68. Nd2+ Kd5 69. Nf3 Rg2+ 70. Ke3 g5 71. h3
Rxb2 72. Nxg5 Rh2 73. Kf3 Ke5 74. Kg3 Rc2 75. Bg7+ Kf5 76. Nf3 Ke4 77. h4 Re2
78. Bd4 b4 79. cxb4 c3 80. Bxc3 Re3 81. Bd2 Rxf3+ 82. Kg4 Rf2 83. Bg5 Rg2+ 84.
Kh5 Kf5 85. Kh6 Rg4 86. Be7 Re4 87. Bc5 Rxh4+ 88. Kg7 Ke6 89. Kf8 Rg4 90. Ke8
Rg7 91. Bf8 Rb7 92. Kd8 Rb8+ 93. Kc7 Rxf8 94. b5 Kd5 95. b6 Rf7+ 0-1

[Event "21st World Senior Chess Championship"]
[Site "Rijeka"]
[Date "2011.11.17"]
[Round "3.12"]
[White "Srebrnic, Vojko"]
[Black "Rajkovic, Dusan"]
[Result "1/2-1/2"]
[WhiteElo "2261"]
[BlackElo "2416"]
[PlyCount "129"]
[EventDate "2011.11.17"]

1. e4 c5 2. Nc3 Nc6 3. f4 e6 4. Nf3 d5 5. Bb5 Nge7 6. exd5 exd5 7. Qe2 Qd6 8.
d4 c4 9. O-O Bg4 10. Bxc6+ Qxc6 11. h3 Bxf3 12. Rxf3 O-O-O 13. f5 Qd7 14. f6
Nc6 15. Qf2 gxf6 16. Bf4 Rg8 17. Ne2 Re8 18. c3 Rg6 19. Re3 Re6 20. Re1 Rxe3
21. Qxe3 Qe6 22. Ng3 Qxe3+ 23. Rxe3 Kd7 24. Kf2 b5 25. Nf5 Ne7 26. Nh4 Rg8 27.
g4 a5 28. Re2 b4 29. Bd2 Nc6 30. Nf5 Bd6 31. Nh6 Rf8 32. Nf5 Ra8 33. Ke1 b3 34.
a4 Bf8 35. Bf4 Ra6 36. Kd2 Rb6 37. Ne3 Ne7 38. Rf2 Re6 39. Kd1 Kc6 40. g5 Nc8
41. Ng4 f5 42. Ne5+ Kb7 43. Nxf7 Be7 44. Bc1 Nb6 45. Rxf5 Ka6 46. h4 Re4 47.
Re5 Nxa4 48. Rxe4 dxe4 49. h5 Nb6 50. g6 hxg6 51. hxg6 Bf8 52. Nd6 a4 53. Nxe4
Nd5 54. Bg5 Bg7 55. Nc5+ Kb5 56. Ne6 a3 57. bxa3 Nxc3+ 58. Kc1 Bh8 59. Bd2 Na4
60. g7 Bxg7 61. Nxg7 c3 62. Bxc3 Nxc3 63. Nf5 Ka4 64. Ne3 Kxa3 65. Nc4+ 1/2-1/2

[Event "21st World Senior Chess Championship"]
[Site "Rijeka"]
[Date "2011.11.17"]
[Round "3.14"]
[White "Hoeschele, Hans-Ulrich"]
[Black "Chernikov, Oleg L"]
[Result "0-1"]
[WhiteElo "2137"]
[BlackElo "2402"]
[PlyCount "166"]
[EventDate "2011.11.17"]

1. d4 Nf6 2. Nf3 c6 3. g3 d5 4. Bg2 Bf5 5. Nbd2 h6 6. c3 Nbd7 7. h3 e6 8. b3 a5
9. a4 Ne4 10. Nxe4 Bxe4 11. O-O b5 12. Nd2 Bxg2 13. Kxg2 Nb6 14. Qc2 Qd7 15.
Qd3 bxa4 16. bxa4 c5 17. Qc2 cxd4 18. cxd4 Rc8 19. Qd1 Bb4 20. Nf3 O-O 21. Ne5
Qb7 22. Rb1 Qa6 23. Nd3 Rc4 24. Be3 Bd6 25. Ra1 Rfc8 26. Qb3 Rc3 27. Qb1 Nc4
28. Bc1 Qa7 29. Be3 Rc2 30. Ra2 Rxa2 31. Qxa2 Nxe3+ 32. fxe3 Qa6 33. Rb1 Qc4
34. Rb2 Qxa2 35. Rxa2 Rc4 36. g4 Kh7 37. Kf3 Kg6 38. Ra1 h5 39. Nb2 Rb4 40. Nd3
Rc4 41. Nb2 Rc3 42. Nd3 Kg5 43. gxh5 Kxh5 44. e4 dxe4+ 45. Kxe4 Rc4 46. Ke3 Kg6
47. Nb2 Rc3+ 48. Nd3 Rc4 49. Nb2 Rc2 50. Nd3 Kf6 51. Rc1 Ra2 52. Rc4 g5 53. Kf3
Ke7 54. Ne5 f5 55. Nc6+ Kd7 56. Nxa5 Ra3+ 57. Kf2 Rxh3 58. Nb7 g4 59. Nc5+ Kc6
60. Ne4+ Kd5 61. Nxd6 Kxd6 62. Rc5 Rh2+ 63. Kf1 g3 64. Re5 Rf2+ 65. Kg1 Rf4 66.
e3 Rf2 67. a5 Re2 68. Kf1 Rc2 69. Kg1 Rd2 70. Rb5 Ra2 71. Re5 Rd2 72. Rb5 Ke7
73. Re5 Kf6 74. Rb5 Kg5 75. d5 exd5 76. a6 Ra2 77. Rxd5 Kg4 78. Rd4+ Kh3 79.
Rd1 Rxa6 80. Rf1 Ra2 81. Rxf5 Ra1+ 82. Rf1 Rxf1+ 83. Kxf1 Kh2 0-1

[Event "21st World Senior Chess Championship"]
[Site "Rijeka"]
[Date "2011.11.17"]
[Round "3.16"]
[White "Markovic, Lazar"]
[Black "Kovacevic, Vlatko"]
[Result "0-1"]
[WhiteElo "2245"]
[BlackElo "2482"]
[PlyCount "78"]
[EventDate "2011.11.17"]

1. e4 Nf6 2. e5 Nd5 3. d4 d6 4. exd6 cxd6 5. Bb5+ Bd7 6. Bxd7+ Qxd7 7. c4 Nb6
8. b3 g6 9. Nf3 Bg7 10. Bb2 Nc6 11. O-O O-O 12. Re1 d5 13. c5 Nc8 14. Ne5 Nxe5
15. dxe5 e6 16. b4 b6 17. cxb6 Nxb6 18. Nd2 Rfc8 19. Bd4 Bf8 20. a3 Nc4 21. Nb3
a5 22. Nxa5 Nxa3 23. Rxa3 Bxb4 24. Ra1 Rxa5 25. Rxa5 Bxa5 26. Re3 Qa4 27. Rd3
Qxd1+ 28. Rxd1 Rc4 29. g3 h5 30. h4 Bd8 31. Kg2 Kg7 32. f4 f6 33. exf6+ Bxf6
34. Bxf6+ Kxf6 35. Rd3 Kf5 36. Kf3 d4 37. Kf2 Rc2+ 38. Ke1 Ke4 39. Ra3 Rc3 0-1

[Event "21st World Senior Chess Championship"]
[Site "Rijeka"]
[Date "2011.11.17"]
[Round "3.17"]
[White "Samartsev, Alexander"]
[Black "Fradkin, Boris"]
[Result "1-0"]
[WhiteElo "2226"]
[BlackElo "2445"]
[PlyCount "89"]
[EventDate "2011.11.17"]

1. d4 d5 2. Nf3 Nf6 3. g3 Bf5 4. Bg2 e6 5. O-O h6 6. c4 c6 7. Qb3 Qb6 8. c5
Qxb3 9. axb3 Nbd7 10. Nc3 a6 11. b4 Rc8 12. Re1 g5 13. h4 g4 14. Nd2 Bg7 15. e4
dxe4 16. Ndxe4 Nxe4 17. Bxe4 Bxe4 18. Nxe4 O-O 19. Nd6 Rb8 20. Rd1 Nf6 21. Bd2
Rfd8 22. Bc3 Rd7 23. Nc4 Nd5 24. Re1 Rbd8 25. Ne5 Bxe5 26. Rxe5 Ne7 27. h5 Nf5
28. Re4 Nxd4 29. Rxg4+ Kf8 30. Kf1 e5 31. Rd1 Rd5 32. Bxd4 exd4 33. Rd3 Rxh5
34. Rgxd4 Rxd4 35. Rxd4 Rd5 36. Rxd5 cxd5 37. Ke2 Ke7 38. Kd3 Kd7 39. Kd4 Ke6
40. g4 f5 41. f3 fxg4 42. fxg4 Ke7 43. Kxd5 Kd7 44. Ke5 Ke7 45. b3 1-0

[Event "21st World Senior Chess Championship"]
[Site "Rijeka"]
[Date "2011.11.17"]
[Round "3.18"]
[White "Zhelnin, Vladimir V"]
[Black "Frumson, Yury"]
[Result "1-0"]
[WhiteElo "2430"]
[BlackElo "2206"]
[PlyCount "75"]
[EventDate "2011.11.17"]

1. e4 e5 2. Bc4 Bc5 3. Nf3 Nc6 4. d3 d6 5. Bg5 Nge7 6. c3 h6 7. Bh4 Be6 8. Bxe6
fxe6 9. d4 exd4 10. cxd4 Bb4+ 11. Nc3 Qd7 12. d5 Bxc3+ 13. bxc3 Nd8 14. dxe6
Nxe6 15. O-O Ng6 16. Bg3 Nef4 17. Re1 O-O-O 18. a4 Rhf8 19. a5 c5 20. c4 Qg4
21. Nd2 Qg5 22. Ra3 h5 23. Nf3 Qf6 24. h4 Ne5 25. Ng5 g6 26. Nh7 Qe6 27. Nxf8
Rxf8 28. Rc3 Qe7 29. Bxf4 Rxf4 30. g3 Rf8 31. f4 Ng4 32. Rd3 g5 33. hxg5 Qe6
34. Rd5 Kc7 35. Qe2 Re8 36. e5 dxe5 37. Rxc5+ Kb8 38. Rxe5 1-0

[Event "21st World Senior Chess Championship"]
[Site "Rijeka"]
[Date "2011.11.17"]
[Round "3.19"]
[White "Shvedchikov, Anatoli I"]
[Black "Gundersen, Helge"]
[Result "1-0"]
[WhiteElo "2423"]
[BlackElo "2212"]
[PlyCount "127"]
[EventDate "2011.11.17"]

1. Nf3 e6 2. g3 f5 3. Bg2 Nf6 4. O-O Be7 5. b3 O-O 6. Bb2 d6 7. d4 a5 8. a3 Qe8
9. Nbd2 Nbd7 10. Re1 d5 11. c4 c6 12. e3 Ne4 13. Nxe4 fxe4 14. Nd2 Bd6 15. f3
exf3 16. Bxf3 Bc7 17. e4 dxc4 18. Nxc4 Qg6 19. Kg2 Nf6 20. Ne5 Qe8 21. a4 Nd7
22. Nc4 Nb6 23. Ba3 Rf6 24. e5 Rf7 25. Nd6 Bxd6 26. Bxd6 Nd5 27. Qd2 Qd8 28.
Rf1 Ne7 29. g4 Ng6 30. Be4 Qh4 31. h3 Rxf1 32. Rxf1 Bd7 33. Qf2 Qxf2+ 34. Rxf2
Be8 35. Kg3 Bf7 36. h4 Nh8 37. h5 h6 38. Bd3 Re8 39. Bc7 Ra8 40. Bc4 Ra7 41.
Bb6 Ra8 42. Kh4 Kh7 43. Bc7 Ra7 44. Bb6 Ra8 45. Rf3 Kg8 46. Bc5 Re8 47. Rf1 Rb8
48. Bd6 Rc8 49. Bc5 Ra8 50. Rf2 Rb8 51. Bb6 Ra8 52. Rf1 Kh7 53. Rb1 Kg8 54. b4
axb4 55. Rxb4 Rc8 56. Bc5 Rc7 57. a5 g5+ 58. Kg3 Kg7 59. Rb6 Bg8 60. Ba2 Kf7
61. Bd6 Rd7 62. a6 bxa6 63. Rxc6 Ke8 64. Bc5 1-0

[Event "21st World Senior Chess Championship"]
[Site "Rijeka"]
[Date "2011.11.17"]
[Round "3.20"]
[White "Mishuchkov, Nikolai M"]
[Black "Titz, Heimo"]
[Result "1-0"]
[WhiteElo "2418"]
[BlackElo "2202"]
[PlyCount "108"]
[EventDate "2011.11.17"]

1. d4 Nf6 2. Nf3 e6 3. c4 b6 4. g3 Ba6 5. Qa4 Bb7 6. Bg2 c5 7. dxc5 bxc5 8. O-O
Be7 9. Nc3 O-O 10. Rd1 Qb6 11. Bf4 Rd8 12. Rab1 a6 13. Qb3 Qxb3 14. axb3 d6 15.
Ra1 Bc6 16. Ra3 Ra7 17. Rda1 h6 18. Nd2 Bxg2 19. Kxg2 Rb7 20. e4 g5 21. Be3 Ng4
22. h3 Ne5 23. Nf3 Nxf3 24. Kxf3 Nc6 25. Kg2 Nb4 26. Rc1 Bf6 27. Kf1 Nd3 28.
Rc2 Rb6 29. Na4 Rc6 30. Rd2 Nb4 31. Ra1 Bd4 32. Ke2 Kf8 33. f4 Ke7 34. fxg5
Bxe3 35. Kxe3 Rg8 36. h4 hxg5 37. h5 g4 38. h6 Rg6 39. Rh1 Rc8 40. e5 dxe5 41.
Nxc5 f5 42. Rd7+ Kf6 43. h7 Rh8 44. Rb7 Rg7 45. Rxb4 Rgxh7 46. Rxh7 Rxh7 47.
Rb6 Rh3 48. Rxe6+ Kg5 49. Kf2 Rh2+ 50. Kf1 e4 51. Rxa6 Rxb2 52. Rd6 e3 53. Ne6+
Kf6 54. Nf4+ Kf7 1-0

[Event "21st World Senior Chess Championship"]
[Site "Rijeka"]
[Date "2011.11.17"]
[Round "3.21"]
[White "Altshul, Raffael"]
[Black "Danner, Georg"]
[Result "1/2-1/2"]
[WhiteElo "2222"]
[BlackElo "2406"]
[PlyCount "25"]
[EventDate "2011.11.17"]

1. d4 Nf6 2. Nf3 e6 3. Bg5 c5 4. e3 h6 5. Bxf6 Qxf6 6. Nbd2 cxd4 7. exd4 b6 8.
Bd3 Ba6 9. Ne4 Qd8 10. d5 Qc8 11. O-O Be7 12. Bxa6 Nxa6 13. dxe6 1/2-1/2

[Event "21st World Senior Chess Championship"]
[Site "Rijeka"]
[Date "2011.11.17"]
[Round "3.22"]
[White "Pushkov, Nikolai"]
[Black "Kwatschewsky, Leo"]
[Result "1-0"]
[WhiteElo "2395"]
[BlackElo "2194"]
[PlyCount "93"]
[EventDate "2011.11.17"]

1. c4 c5 2. Nc3 Nc6 3. Nf3 e5 4. e3 Nf6 5. d4 cxd4 6. exd4 e4 7. Ne5 Bb4 8. a3
Bxc3+ 9. bxc3 Qa5 10. Nxc6 bxc6 11. Qc2 O-O 12. Be2 h6 13. O-O Ba6 14. Re1 d5
15. Bf4 Rfe8 16. c5 Bxe2 17. Rxe2 Qa6 18. a4 Re6 19. Re3 Rae8 20. Rb1 Nd7 21.
g4 Rf6 22. Bg3 Rf3 23. Kg2 Rf6 24. c4 dxc4 25. Rxe4 Rxe4 26. Qxe4 Re6 27. Qc2
Nf6 28. Be5 Nd7 29. Rb4 Re8 30. Bg3 Nf6 31. Qxc4 Qc8 32. h3 Qd7 33. Qb3 Nd5 34.
Rb7 Qe6 35. Qf3 Re7 36. Rb2 Re8 37. a5 a6 38. Bd6 Qd7 39. Qf5 Qd8 40. Rb7 Nf6
41. Rb6 Qa8 42. Qd3 Nd5 43. Rb3 Nf6 44. Qf5 Qd8 45. Rb8 Qxb8 46. Bxb8 Rxb8 47.
Qe5 1-0

[Event "21st World Senior Chess Championship"]
[Site "Rijeka"]
[Date "2011.11.17"]
[Round "3.23"]
[White "Karasev, Vladimir I"]
[Black "Serra Olives, Tomas"]
[Result "1-0"]
[WhiteElo "2377"]
[BlackElo "2173"]
[PlyCount "57"]
[EventDate "2011.11.17"]

1. e4 e5 2. Nc3 Bc5 3. Nf3 Nc6 4. Nxe5 Nxe5 5. d4 Bd6 6. dxe5 Bxe5 7. f4 Bxc3+
8. bxc3 Qe7 9. Qd4 Nf6 10. e5 O-O 11. Be2 Re8 12. Qd3 Nh5 13. g4 Qh4+ 14. Kd1
d6 15. gxh5 dxe5 16. Qg3 Qd8+ 17. Bd2 exf4 18. Qxf4 Qd5 19. Rg1 Bf5 20. Bc4 Qc5
21. Qd4 Qf8 22. Qf4 Re4 23. Qxf5 Rxc4 24. Rb1 Rd8 25. Rb4 Rc5 26. Rxg7+ Qxg7
27. Qxc5 b6 28. Qf2 Kh8 29. Kc1 1-0

[Event "21st World Senior Chess Championship"]
[Site "Rijeka"]
[Date "2011.11.17"]
[Round "3.24"]
[White "Ivanets, Vladimir"]
[Black "Sorensen, Bent"]
[Result "1/2-1/2"]
[WhiteElo "2192"]
[BlackElo "2321"]
[PlyCount "112"]
[EventDate "2011.11.17"]

1. Nf3 d5 2. b4 f6 3. e3 e5 4. a3 Be6 5. c4 dxc4 6. Qc2 b5 7. d3 a5 8. bxa5 Nc6
9. dxc4 Nxa5 10. Nbd2 bxc4 11. Nxc4 Qd5 12. Ncd2 Bd6 13. Bd3 Qc5 14. Bxh7 Ne7
15. Qxc5 Bxc5 16. Bc2 Nd5 17. O-O Kf7 18. Ne4 Be7 19. h3 Rhb8 20. Nfd2 Rb6 21.
Rb1 f5 22. Ng3 g6 23. e4 Nc3 24. Rxb6 cxb6 25. exf5 gxf5 26. Bb2 Rc8 27. Bxc3
Rxc3 28. Bxf5 Rxa3 29. Bxe6+ Kxe6 30. Rb1 Bc5 31. Nge4 Bd4 32. Nf3 Nc4 33. h4
Kf5 34. Ng3+ Kg4 35. h5 Bc5 36. Re1 Bxf2+ 37. Kxf2 Ra2+ 38. Re2 Rxe2+ 39. Nxe2
Kxh5 40. Nc3 Kg4 41. g3 Kf5 42. Nh4+ Kg4 43. Ng2 Nd6 44. Ne3+ Kg5 45. Kg2 b5
46. Ned5 Kf5 47. Kh3 e4 48. g4+ Ke5 49. g5 Kf5 50. Kh4 b4 51. Ne2 b3 52. Ne3+
Kg6 53. Nf4+ Kg7 54. Ne2 b2 55. Nc3 Kg6 56. Ned1 Nf7 1/2-1/2

[Event "21st World Senior Chess Championship"]
[Site "Rijeka"]
[Date "2011.11.17"]
[Round "3.25"]
[White "Leskovar, Mario"]
[Black "Nickl, Klaus"]
[Result "1/2-1/2"]
[WhiteElo "2316"]
[BlackElo "2172"]
[PlyCount "106"]
[EventDate "2011.11.17"]

1. b3 d5 2. Bb2 c6 3. e3 Bf5 4. Nf3 e6 5. Be2 Nd7 6. O-O h6 7. d3 Ngf6 8. Nbd2
Nc5 9. Re1 Be7 10. Nf1 O-O 11. Qd2 Nfd7 12. Ng3 Bg6 13. Rad1 Bf6 14. Qc1 Bxb2
15. Qxb2 Qf6 16. Qxf6 gxf6 17. d4 Ne4 18. Nxe4 Bxe4 19. c4 Bxf3 20. Bxf3 f5 21.
Rc1 a5 22. cxd5 exd5 23. g3 Kg7 24. Be2 Kf6 25. Bd3 Rfc8 26. Rc2 Nf8 27. f3 Ne6
28. Rec1 Rg8 29. Kf2 Rge8 30. h3 Rg8 31. a3 Ra7 32. Be2 Ng5 33. Bf1 Ne6 34. Bd3
Ng5 35. f4 Ne6 36. Be2 Ng7 37. g4 Ne8 38. Rg1 Nd6 39. Bd3 Raa8 40. Kf3 h5 41.
g5+ Kg6 42. h4 Rge8 43. Re1 Ra7 44. Ree2 Rea8 45. Rb2 Re8 46. Rec2 Rea8 47. Ke2
Re8 48. Ra2 Rea8 49. Rcb2 a4 50. b4 b5 51. Rc2 Ra6 52. Rc5 Rb8 53. Rc3 Nc4
1/2-1/2

[Event "21st World Senior Chess Championship"]
[Site "Rijeka"]
[Date "2011.11.17"]
[Round "3.26"]
[White "Malmdin, Nils-Ake"]
[Black "Ciuro Munoz, Ricardo"]
[Result "1-0"]
[WhiteElo "2308"]
[BlackElo "2154"]
[PlyCount "111"]
[EventDate "2011.11.17"]

1. e4 e6 2. d4 d5 3. e5 c5 4. c3 Nc6 5. Nf3 Qb6 6. a3 c4 7. Nbd2 Na5 8. Be2 Bd7
9. O-O Nh6 10. Re1 Be7 11. Rb1 Nf5 12. Qc2 Nb3 13. Nxb3 Ba4 14. Bg5 Bxb3 15.
Qc1 Qd8 16. Bf4 Ba2 17. Ra1 Bb3 18. a4 Qd7 19. a5 Rc8 20. g3 Ba4 21. h4 h5 22.
Ng5 a6 23. Nh3 Bd8 24. Bg5 Bxa5 25. Nf4 g6 26. Bf6 Rg8 27. Bf3 Bd8 28. Bxd5 Ne7
29. Bxb7 Qxb7 30. Rxa4 Nd5 31. Nxd5 Qxd5 32. Rxa6 g5 33. Rd6 Qb7 34. Bxd8 Rxd8
35. Rxd8+ Kxd8 36. hxg5 h4 37. Qf4 hxg3 38. fxg3 Qxb2 39. Qxf7 Re8 40. Qf3 Kd7
41. d5 Rh8 42. dxe6+ Kc7 43. Qg2 Qxc3 44. Qf2 Qd3 45. Ra1 Qd5 46. Qa7+ Qb7 47.
Qxb7+ Kxb7 48. Kf2 Kc6 49. Rd1 Re8 50. Rd6+ Kc5 51. Ke2 Rg8 52. e7 Re8 53. Rd7
Kb4 54. Kd2 c3+ 55. Kc2 Kc4 56. g6 1-0

[Event "21st World Senior Chess Championship"]
[Site "Rijeka"]
[Date "2011.11.17"]
[Round "3.27"]
[White "Zhelesny, Stanislav"]
[Black "Rujevic, Mirko"]
[Result "0-1"]
[WhiteElo "2159"]
[BlackElo "2302"]
[PlyCount "102"]
[EventDate "2011.11.17"]

1. Nf3 Nf6 2. g3 c5 3. Bg2 d5 4. d4 Nc6 5. O-O Bf5 6. c3 e6 7. Qa4 Qd7 8. Nbd2
cxd4 9. Nxd4 Nxd4 10. Qxd4 Be7 11. Nf3 O-O 12. c4 dxc4 13. Qxd7 Nxd7 14. Nd2 c3
15. bxc3 Bf6 16. e4 Bg6 17. Rb1 b6 18. c4 Rac8 19. Bb2 Rfd8 20. Bxf6 Nxf6 21.
Rb2 Rd4 22. f3 Nd7 23. Rf2 Ne5 24. Bf1 f6 25. h3 Rcd8 26. Kg2 Rc8 27. g4 h5 28.
Kg3 hxg4 29. hxg4 Nd3 30. Bxd3 Rxd3 31. Re2 e5 32. Rb3 Rd4 33. Ra3 Rc7 34. Nf1
Rdxc4 35. Ne3 Rc3 36. Rxc3 Rxc3 37. Nd5 Ra3 38. Ne7+ Kf7 39. Nxg6 Kxg6 40. Rd2
b5 41. Rb2 a6 42. Rc2 b4 43. Rd2 a5 44. Rc2 Kg5 45. Rh2 g6 46. Re2 Rc3 47. Re1
Rc2 48. Ra1 Rb2 49. a3 b3 50. a4 Rc2 51. Ra3 Rc3 0-1

[Event "21st World Senior Chess Championship"]
[Site "Rijeka"]
[Date "2011.11.17"]
[Round "3.28"]
[White "Kierzek, Matthias Dr"]
[Black "Trois, Francisco R T"]
[Result "1/2-1/2"]
[WhiteElo "2152"]
[BlackElo "2275"]
[PlyCount "37"]
[EventDate "2011.11.17"]

1. d4 Nf6 2. c4 c6 3. Nc3 d5 4. Nf3 g6 5. cxd5 cxd5 6. Bf4 Nc6 7. e3 Bg7 8. Be2
O-O 9. O-O Nh5 10. Bg5 h6 11. Bh4 g5 12. Ne5 Nxe5 13. dxe5 gxh4 14. Bxh5 Bxe5
15. Qxd5 Qxd5 16. Nxd5 e6 17. Ne7+ Kg7 18. Bf3 Kf6 19. Nxc8 1/2-1/2

[Event "21st World Senior Chess Championship"]
[Site "Rijeka"]
[Date "2011.11.17"]
[Round "3.30"]
[White "Zhukov, Viktor"]
[Black "Wittmann, Walter"]
[Result "0-1"]
[WhiteElo "2141"]
[BlackElo "2269"]
[PlyCount "37"]
[EventDate "2011.11.17"]

1. e4 c5 2. Nf3 Nc6 3. d4 cxd4 4. Nxd4 Nf6 5. Nc3 d6 6. Bc4 e6 7. Be3 Be7 8.
Qe2 O-O 9. O-O-O a6 10. Bb3 Qc7 11. Rhg1 Nd7 12. g4 Nc5 13. g5 Bd7 14. Qh5 Rfc8
15. Rg3 g6 16. Qh6 Bf8 17. Qh4 Nxd4 18. Rxd4 Nxb3+ 19. axb3 0-1

[Event "21st World Senior Chess Championship"]
[Site "Rijeka"]
[Date "2011.11.17"]
[Round "3.31"]
[White "Gruzmann, Boris"]
[Black "Pekun, Cem"]
[Result "1-0"]
[WhiteElo "2268"]
[BlackElo "2139"]
[PlyCount "33"]
[EventDate "2011.11.17"]

1. e4 e6 2. d4 d5 3. e5 c5 4. c3 Nc6 5. Nf3 Bd7 6. Bd3 f6 7. O-O Qc7 8. Bf4
O-O-O 9. Bg3 f5 10. dxc5 Bxc5 11. b4 Be7 12. Na3 g5 13. Nb5 Qb8 14. Nxg5 Nh6
15. Qd2 a6 16. Nxe6 Bxe6 17. Qxh6 1-0

[Event "21st World Senior Chess Championship"]
[Site "Rijeka"]
[Date "2011.11.17"]
[Round "3.35"]
[White "Balashov, Yuri S"]
[Black "Toefferl, Heimo"]
[Result "1-0"]
[WhiteElo "2443"]
[BlackElo "2125"]
[PlyCount "45"]
[EventDate "2011.11.17"]

1. e4 e6 2. d4 d5 3. Nd2 c5 4. Ngf3 cxd4 5. exd5 Qxd5 6. Bc4 Qd6 7. O-O Nc6 8.
Nb3 Nf6 9. Re1 a6 10. Nbxd4 Nxd4 11. Nxd4 Be7 12. c3 Bd7 13. Qf3 Qc7 14. Bb3 e5
15. Nf5 Bxf5 16. Qxf5 O-O 17. h3 Rae8 18. Bg5 Nd7 19. Rad1 Nc5 20. Qxe5 Qxe5
21. Rxe5 Nxb3 22. Bxe7 f6 23. Ree1 1-0

[Event "21st World Senior Chess Championship"]
[Site "Rijeka"]
[Date "2011.11.17"]
[Round "3.36"]
[White "Trofimov, Sergey"]
[Black "Rakhimberdiyev, Atalyk"]
[Result "1-0"]
[WhiteElo "2408"]
[BlackElo "2120"]
[PlyCount "63"]
[EventDate "2011.11.17"]

1. Nf3 Nf6 2. c4 c5 3. b3 Nc6 4. Bb2 a6 5. g3 b5 6. d3 b4 7. Bg2 Rb8 8. O-O e6
9. Nbd2 d6 10. e3 Be7 11. Qe2 O-O 12. Ng5 Bb7 13. f4 d5 14. Ngf3 a5 15. cxd5
exd5 16. Rac1 Re8 17. Ne5 Qb6 18. Ndf3 Bd6 19. Nxc6 Bxc6 20. Bxf6 gxf6 21. Nh4
Kh8 22. Kh1 d4 23. Bxc6 Qxc6+ 24. e4 Bf8 25. Nf5 Qa6 26. Rcd1 a4 27. Qh5 Qe6
28. Rb1 Ra8 29. Rf3 axb3 30. axb3 Ra2 31. g4 Rea8 32. Rh3 1-0

[Event "21st World Senior Chess Championship"]
[Site "Rijeka"]
[Date "2011.11.17"]
[Round "3.37"]
[White "Khazankin, Moisei"]
[Black "Yasseen, Aly"]
[Result "0-1"]
[WhiteElo "2118"]
[BlackElo "2342"]
[PlyCount "56"]
[EventDate "2011.11.17"]

1. e4 c5 2. Nf3 d6 3. d4 cxd4 4. Nxd4 Nf6 5. Nc3 Nc6 6. Be3 e6 7. Be2 Be7 8.
O-O a6 9. f4 O-O 10. Kh1 Qc7 11. Bf3 Bd7 12. Qe1 Rac8 13. g4 Nxd4 14. Bxd4 e5
15. g5 exd4 16. gxf6 dxc3 17. fxe7 Rfe8 18. bxc3 Bc6 19. Qg3 Qxe7 20. Rae1 f6
21. Rg1 Rc7 22. Rg2 Kh8 23. Rge2 Qf7 24. Rd1 Qxa2 25. Rxd6 Qa1+ 26. Kg2 Qxc3
27. e5 fxe5 28. fxe5 Qc4 0-1

[Event "21st World Senior Chess Championship"]
[Site "Rijeka"]
[Date "2011.11.17"]
[Round "3.38"]
[White "Vikulov, Alexander"]
[Black "Sobeck, Guenter"]
[Result "1-0"]
[WhiteElo "2321"]
[BlackElo "2104"]
[PlyCount "63"]
[EventDate "2011.11.17"]

1. g3 c5 2. c4 Nf6 3. Bg2 e6 4. Nc3 a6 5. Nf3 Qc7 6. O-O b6 7. d4 Bb7 8. d5
exd5 9. cxd5 d6 10. a4 Nbd7 11. Nd2 Be7 12. Nc4 O-O 13. f4 Rfe8 14. e4 Bf8 15.
g4 g6 16. g5 Nh5 17. Bh3 Bg7 18. Qf3 Rad8 19. Bd2 Bd4+ 20. Kh1 f5 21. exf5 b5
22. axb5 Nb6 23. Nxb6 Qxb6 24. fxg6 hxg6 25. Qd3 axb5 26. Qxg6+ Ng7 27. Bg2 b4
28. f5 bxc3 29. f6 Rd7 30. f7+ Rxf7 31. Qxf7+ Kh8 32. Rf4 1-0

[Event "21st World Senior Chess Championship - w"]
[Site "Rijeka"]
[Date "2011.11.17"]
[Round "3.2"]
[White "Saunina, Ludmila"]
[Black "Bogumil, Tatiana"]
[Result "1-0"]
[WhiteElo "2274"]
[BlackElo "2115"]
[PlyCount "93"]
[EventDate "2011.11.17"]

1. c4 g6 2. Nc3 Bg7 3. g3 c5 4. Bg2 Nc6 5. e3 d6 6. Nge2 e5 7. d3 Nge7 8. O-O
O-O 9. h3 Be6 10. Nd5 Bxd5 11. cxd5 Nb4 12. Nc3 Qd7 13. a3 Na6 14. Rb1 Rfc8 15.
Bd2 b5 16. b4 Rab8 17. Ne2 f5 18. Rc1 Rc7 19. Bc3 Nc8 20. Qd2 c4 21. dxc4 Rxc4
22. f4 Nb6 23. fxe5 dxe5 24. d6 e4 25. Bxg7 Qxg7 26. Nc3 Qe5 27. Rfd1 Rd8 28.
Kf2 Rc6 29. Bf1 Rcxd6 30. Qa2+ Kg7 31. Rxd6 Qxd6 32. Nxb5 Qd2+ 33. Qxd2 Rxd2+
34. Be2 Rd7 35. Nd4 Nb8 36. a4 Kf6 37. a5 Nd5 38. Rc8 Rb7 39. b5 Ne7 40. Rf8+
Ke5 41. Rf7 Kd6 42. Rxh7 Rd7 43. Rh8 Rb7 44. g4 fxg4 45. Bxg4 Nd5 46. Rd8+ Ke5
47. Rxb8 1-0

[Event "21st World Senior Chess Championship - w"]
[Site "Rijeka"]
[Date "2011.11.17"]
[Round "3.4"]
[White "Melashvili, Nino"]
[Black "Fatalibekova, Elena"]
[Result "1/2-1/2"]
[WhiteElo "2106"]
[BlackElo "2285"]
[PlyCount "93"]
[EventDate "2011.11.17"]

1. d4 Nf6 2. Nf3 e6 3. Bf4 b6 4. e3 Bb7 5. Nbd2 c5 6. c3 cxd4 7. exd4 Be7 8.
Bd3 O-O 9. O-O d6 10. h3 Nc6 11. Qe2 Re8 12. Rad1 Nd5 13. Bg3 g6 14. Ba6 Bxa6
15. Qxa6 Qd7 16. c4 Nc7 17. Qa4 a6 18. d5 exd5 19. cxd5 Ne5 20. Qxd7 Nxd7 21.
Ne4 Nf6 22. Nxf6+ Bxf6 23. Rd2 Red8 24. Rc1 Ne8 25. Rc6 b5 26. Rdc2 Be7 27. Rb6
Nf6 28. Rb7 Re8 29. Rd2 Rac8 30. Bh4 Kg7 31. Re2 Bf8 32. Rxe8 Nxe8 33. Ng5 Nc7
34. Ne6+ fxe6 35. dxe6 Kg8 36. e7 Bxe7 37. Bxe7 Ne8 38. Rb6 Rc1+ 39. Kh2 Rc2
40. Rxa6 Rxb2 41. Kg3 Kf7 42. Bg5 Ke6 43. Bf4 b4 44. f3 h5 45. h4 b3 46. axb3
Rxb3 47. Kf2 1/2-1/2

[Event "21st World Senior Chess Championship - w"]
[Site "Rijeka"]
[Date "2011.11.17"]
[Round "3.5"]
[White "Sorokina, Tamara"]
[Black "Strutinskaya, Galina N"]
[Result "0-1"]
[WhiteElo "2131"]
[BlackElo "2277"]
[PlyCount "78"]
[EventDate "2011.11.17"]

1. c4 e5 2. Nc3 Bb4 3. Qc2 Nc6 4. e3 a5 5. a3 Bc5 6. g3 Nge7 7. Bg2 d6 8. Nge2
Bf5 9. d3 Qd7 10. h3 O-O 11. Bd2 Rab8 12. e4 Be6 13. Nd5 b5 14. Nxe7+ Qxe7 15.
O-O bxc4 16. dxc4 Rb7 17. Rab1 Rfb8 18. Kh2 Rb3 19. Bb4 a4 20. Bxc5 dxc5 21. f4
Na5 22. Nc1 exf4 23. Rxf4 R3b6 24. Rf2 Nxc4 25. Qxa4 Nxb2 26. Qc2 Nc4 27. Rxb6
cxb6 28. Rf3 Ne5 29. Rc3 c4 30. Qf2 b5 31. Qe3 f6 32. Ne2 b4 33. axb4 Qxb4 34.
Nf4 Bf7 35. Nd5 Qb1 36. Qd4 h5 37. Ne7+ Kh7 38. Nf5 Qa2 39. Ne3 Nf3+ 0-1